| 000 | 01514nam a22001577a 4500 | ||
|---|---|---|---|
| 003 | NUST | ||
| 020 | _a8131521869 | ||
| 082 | _a620.0011,KHI | ||
| 100 |
_aKhisty, C. Jotin _944306 |
||
| 245 |
_aSystems engineering : _bwith Economics, Probability and statistics / _cKhisty, C. Jotin |
||
| 250 | _a2nd Edition | ||
| 260 |
_aCengage Learning _bNew Delhi _c2012 |
||
| 300 | _axix, 599 p | ||
| 505 | _aMapping the terrain of the systems approach (Page-1), Problem solving and designing in engineering and planning (Page-15), Basic engineering economics and evaluation (Page-37), Basic microeconomics for engineers and planners (Page-83), Principles of probability: Part I—Review of probability theory (Page-117), Principles of probability: Part II—Random variables and probability distributions (Page-145), Principles of probability: Part III—Joint probability functions and correlated variables (Page-175), Pprinciples of statistics: Part I—estimation of statistical parameters and testing validity of distribution functions (Page-219), Principles of statistics: Part II—hypothesis testing, analysis of variance, regression, and correlation analysis (Page-265), Basic hard systems engineering: Part-I (Page-325), Basic hard systems engineering: Part-II (Page-395), Systems thinking (Page-461), Systems thinking: case studies (Page-487), Sustainable development, sustainability, engineering and planning (Page-523), Case studies in engineering and planning for sustainability (Page-545), | ||
| 942 |
_2ddc _cBK |
||
| 999 |
_c591892 _d591892 |
||